|
|
|
|
| LEADER |
00676nta a2200157 i 4500 |
| 001 |
dipl24253 |
| 005 |
20130314082557.0 |
| 008 |
110901s1997 hu om 0|| zxx d |
| 040 |
|
|
|a SZTE Diploma Repozitórium
|b hun
|
| 041 |
|
|
|a zxx
|
| 100 |
1 |
|
|a Fodor Tibor
|
| 245 |
1 |
0 |
|a Áruk szabad mozgása az Európai Unióban /A mennyiségi korlátozással azonos hatású intézkedések tilalmának érvényesülése az Európai Bíróság gyakorlatában/
|h [elektronikus dokumentum] /
|c Tibor Fodor
|
| 260 |
|
|
|c 1997
|
| 650 |
|
4 |
|a Jogi és igazgatási tanulmányok
|
| 700 |
1 |
|
|a Blutman László
|e ths
|
| 856 |
4 |
0 |
|u http://diploma.bibl.u-szeged.hu/id/eprint/24253/1/1997_fodor_tibor.pdf
|z Dokumentum-elérés
|